000 00252nam a22001097a 4500
082 _a923.2 MAN'D
100 _aMANVELL, ROGER,FRAENKED, HEINRICH
_960118
245 _aDOCTOR GOEBBELS
260 _aNEWYORK
_bMENTOR
_c1968
300 _a253P
942 _cBK
999 _c569931
_d569931